00385nam a22001457a 450000500170000000800410001702200140005804100130007208200120008510000130009724500280011026000470013830000290018565000250021420240411103611.0240411b |||||||| |||| 00| 0 eng d a0258249X  aEnglish  a349 IND lEnglish  aIndustrial Law Journal  aCape Town : bJuta and Company Ltd, c2020 bx, 325 pages ; c25 cm.  aLegal practice bLaw